| 000 | nam a22 a 4500 | ||
|---|---|---|---|
| 999 |
_c214 _d214 |
||
| 003 | AKMAL | ||
| 005 | 20170426152053.0 | ||
| 008 | 170426s2003 my d g|b s000 0 may d | ||
| 020 |
_a9679933997 (kkt.) : _cRM14.00 |
||
| 040 | _aAKMAL | ||
| 082 | 0 | 4 |
_a350.4595 PEN _222 |
| 090 | 1 | 0 |
_a350.4595 _bPEN |
| 245 | 0 | 0 | _aPengurusan kewangan : Panduan untuk pengurus-pengurus sektor awam |
| 260 |
_aKuala Lumpur : _bInstitut Tadbiran Awam Negara _c2003 |
||
| 300 |
_axi, 87ms. : _bil. ; _c20cm. |
||
| 599 | _aDALAM PROSES | ||
| 650 | 1 | 0 |
_aFinance, Public _zMalaysia _xHandbooks, manuals, etc. _9483 |
| 650 | 2 | 0 |
_aPublic administration _zMalaysia _vHandbooks, manuals, etc. _9484 |
| 942 |
_2ddc _cBOOK |
||